Wszyscy kandydaci na Prezydenta RP 2000-2010 - Statystyki

Ogólne statystyki
  • Ten quiz został rozwiązany 9 razy
  • Średni wynik to 20 z 34
Statystyki odpowiedzi
Poparcie Wynik I tura Wynik II tura Odpowiedź % Poprawnych
Platforma Obywatelska 41,54% 53,01% Bronisław Komorowski
100%
Platforma Obywatelska 36,33% 45,96% Donald Tusk
100%
Prawo i Sprawiedliwość 36,46% 46,99% Jarosław Kaczyński
100%
Prawo i Sprawiedliwość 33,10% 54,04% Lech Kaczyński
100%
Kandydat bezpartyjny, Sojusz Lewicy Demokratycznej 53,90% Aleksander Kwaśniewski
86%
Samoobrona 1,28% Andrzej Lepper
86%
Samoobrona 15,11% Andrzej Lepper
86%
Samoobrona Rzeczpospolitej Polskiej 3,05% Andrzej Lepper
86%
Wolność i Praworządność 2,48% Janusz Korwin-Mikke
86%
Unia Polityki Realnej 1,43% Janusz Korwin-Mikke
86%
Unia Polityki Realnej 1,43% Janusz Korwin-Mikke
86%
Chrześcijańska Demokracja III Rzeczypospolitej Polskiej 1,01% Lech Wałęsa
86%
Stronnictwo Demokratyczne 1,44% Andrzej Olechowski
71%
Stronnictwo Konserwatywno-Ludowe 17,30% Andrzej Olechowski
71%
Ruch Społeczny Akcja Wyborcza Solidarność 15,57% Marian Krzaklewski
71%
Polskie Stronnictwo Ludowe 1,75% Waldemar Pawlak
71%
Sojusz Lewicy Demokartycznej 13,68% Grzegorz Napieralski
57%
Polskie Stronnictwo Ludowe 1,80% Jarosław Kalinowski
57%
Polskie Stronnictwo Ludowe 5,95% Jarosław Kalinowski
57%
Polska Partia Narodowa 0,13% Leszek Bubel
57%
Polska Partia Socjalistyczna 0,22% Piotr Ikonowicz
57%
Partia Pracy 0,18% Bogusław Ziętek
43%
Kandydat bezpartyjny 0,13% Kornel Morawiecki
43%
Socjaldemokracja Polska 10,33% Marek Borowski
43%
Bezpartyjny 0,16% Stanisław Tymiński
43%
Demokraci.pl, Partia Demokratyczna 1,26% Henryka Bochniarz
29%
Liga Polska 0,07% Jan Pyszko
29%
Bezpartyjny 0,21% Liwiusz Marian Ilasz
29%
Prawica Rzeczpospolitej 1,06% Marek Jurek
29%
Polska Konfederacja Godność i Praca 0,06% Adam Słomka
14%
Polskie Stronnictwo Ludowe (Mikołajczykowskie) 0,10% Bogdan Pawłowski
14%
Stronnictwo Polska Racja Stanu 0,51% Dariusz Grabowski
14%
Porozumienie Polskie 0,79% Jan Łopuszański
14%
Stronnictwo Narodowe 0,16% Tadeusz Wilecki
14%
Nie znaleziono quizów pasujących do podanych kryteriów
Rozkład punktacji
Procent ludzi z każdym wynikiem
Percentyl według liczby udzielonych odpowiedzi
Twoja historia wyników
Nie rozwiązałeś tego quizu